[Event "8th HDBank Cup 2018"]
[Site "Hanoi"]
[Date "2018.03.14"]
[Round "7"]
[White "Lei, Tingjie"]
[Black "Bui, Vinh"]
[Result "1-0"]
[WhiteElo "2545"]
[BlackElo "2400"]
[Annotator "TA"]
[PlyCount "61"]
[EventDate "2018.??.??"]
[EventCountry "VIE"]
[SourceTitle "playchess.com"]
[Source "ChessBase"]
[SourceQuality "1"]

{[%evp 23,61,65,65,46,45,56,59,43,53,42,70,56,77,71,110,116,106,121,114,116,113,94,96,93,187,172,291,278,401,391,679,671,660,641,810,810,802,797,775,772]} 1. e4 c5 2. Nf3 e6 3. d4 cxd4 4. Nxd4 a6 5. Bd3 Bc5 6. Nb3 Be7 7. Qg4 g6 8. Qe2 d6 {B42: Sicilian: Kan Variation: 5 Bd3} 9. O-O Nd7 10. c4 (10. a4 b6 11. Na3 Ngf6 12. Bh6 Bf8 13. Bxf8 Kxf8 14. Nc4 Qc7 15. f4 d5 16. exd5 Nxd5 {1-0 (32) Leko,P (2691)-Svidler,P (2765) Riadh 2017}) 10... b6 11. Nc3 Bb7 12. f4 Qc7 {LiveBook: 5 Games} 13. Be3 Ngf6 14. Rac1 O-O 15. Nd2 Rac8 16. h3 Rfe8 $146 17. Qf2 Bf8 18. b4 d5 {[#]} 19. e5 $1 Ne4 20. Bxe4 dxe4 21. a3 {[%cal Ba2a3,Ba3b4][%mdl 32]} ({Of course not} 21. Ncxe4 $6 Bxb4 22. Rb1 a5 $11) 21... a5 22. Rb1 axb4 23. axb4 Ba6 (23... Be7 $16) 24. Ndxe4 ({Don't play} 24. Ncxe4 $6 Bxc4 25. Nxc4 Qxc4 $16) 24... Qxc4 (24... Bxc4 {keeps fighting.} 25. Rfd1 Red8) 25. Rfd1 $18 {[%cal Bf1d1,Bd1d4,Bd4c4][%mdl 32]} Red8 (25... Rcd8 $142 26. Bxb6 Nxb6) 26. Qh4 Bg7 $2 {[#]} (26... h6 27. Bxb6 Bb7) 27. Bxb6 $1 {[%mdl 512] White is clearly winning.} Bb7 (27... Nxb6 28. Rxd8+) 28. Rd4 Bxe4 29. Rxc4 Bxb1 30. Qxd8+ ({Less strong is} 30. Nxb1 Nxb6 31. Rxc8 Rxc8 $18) 30... Rxd8 31. Bxd8 {Precision: White = 85%, Black = 26%.} 1-0

[Event "8th HDBank Cup 2018"]
[Site "Hanoi"]
[Date "2018.03.14"]
[Round "7"]
[White "Vishnu Prasanna. V"]
[Black "Mithil, Ajgaonkar"]
[Result "1-0"]
[WhiteElo "2526"]
[BlackElo "2222"]
[Annotator "TA"]
[PlyCount "63"]
[EventDate "2018.??.??"]
[EventCountry "VIE"]
[SourceTitle "playchess.com"]
[Source "ChessBase"]
[SourceQuality "1"]

{[%evp 23,62,10,24,2,28,20,20,25,21,24,27,11,35,14,18,33,29,38,32,0,0,0,0,0,0,0,52,47,92,87,77,104,29988,29989,29996,29997,29997,29998,29998,29999,29999]} 1. c4 c6 2. Nf3 d5 3. e3 Nf6 4. Nc3 e6 5. d4 Nbd7 6. Qc2 Be7 7. b3 b6 8. Bd3 Bb7 9. O-O O-O 10. Bb2 h6 {D46: Semi-Slav: 5 e3 Nbd7 6 Bd3, Black avoids the Meran} 11. Rad1 Qc7 12. Qe2 Rad8 {LiveBook: 24 Games. The position is equal.} 13. Rd2 $146 ({Predecessor:} 13. Bb1 Rfe8 14. Ne5 Bf8 15. f4 g6 16. e4 dxe4 17. Bxe4 Bg7 18. Bf3 {½-½ (41) Bogner,S (2549)-Laznicka,V (2665) Reykjavik 2015}) 13... c5 14. cxd5 Nxd5 15. Nxd5 Bxd5 16. Rc1 Qb8 17. Bb1 Rfe8 18. dxc5 Nxc5 19. Ne5 Bf6 20. Qh5 Rf8 21. f3 Bb7 22. Rcd1 {Threatens to win with Rxd8.} Rxd2 23. Rxd2 {Hoping for b4.} Qc8 24. h4 a5 (24... Qc7 $11) 25. Rd4 $1 $40 {[%cal Rd4g4][%mdl 128] Strongly threatening Rg4. Black needs to defend precisely.} Qc7 {[#]} 26. Ng4 $1 {[%cal Rg4h6][%mdl 512] Nxh6+! would kill now.} Bxd4 27. Bxd4 {Threatening mate with Nxh6+!} f5 $2 {[%mdl 8192] [#]} (27... Rd8 $16) 28. Nxh6+ $1 {[%mdl 512] White mates.} Kh7 (28... gxh6 29. Qg6+) 29. Nxf5+ Kg8 {[#]} 30. Nh6+ $1 {[%mdl 512]} Kh8 (30... gxh6 31. Qg6+) 31. Nf7+ Kg8 32. Bh7# {Precision: White = 68%, Black = 38%.} 1-0

[Event "8th HDBank Cup 2018"]
[Site "Hanoi"]
[Date "2018.03.14"]
[Round "7"]
[White "Deepan Chakkravarthy J"]
[Black "Hoang, Canh Huan"]
[Result "0-1"]
[WhiteElo "2520"]
[BlackElo "2402"]
[Annotator "TA"]
[PlyCount "58"]
[EventDate "2018.??.??"]
[EventCountry "VIE"]
[SourceTitle "playchess.com"]
[Source "ChessBase"]
[SourceQuality "1"]

{[%evp 13,58,0,0,0,6,4,2,0,0,-39,-26,-27,-34,-32,-25,-22,-15,0,0,-38,-41,-52,-8,-22,0,-49,-55,-128,0,-212,-107,-108,-145,-163,-112,-1145,-575,-29988,-29989,-29989,-29990,-29990,-29991,-29991,-29992,-29995,-29996]} 1. c4 Nf6 2. Nc3 e6 3. e4 {[%cal Be2e4,Be4e5][%mdl 32]} d5 4. e5 d4 5. exf6 dxc3 6. fxg7 cxd2+ 7. Bxd2 Bxg7 8. Qc2 {A18: English Opening: Flohr-Mikenas System (1 c4 Nf6 2 Nc3 e6 3 e4)} (8. Nf3 {keeps more tension.} Bxb2 9. Rb1 Bg7 10. c5 Nc6 11. Qc2) (8. Qb3 Nc6 9. Nf3 Qe7 10. Bd3 b6 11. Bc3 e5 12. Be4 Bd7 13. O-O-O O-O-O 14. Qc2 Kb8 15. Rhe1 Nb4 16. Bxb4 Qxb4 {0-1 (35) Shahinyan,D (2457)-Babujian,L (2444) Yerevan 2015}) 8... Bd7 9. Nf3 Qe7 10. Be2 {The position is equal.} Nc6 11. Bc3 $146 ({Predecessor:} 11. O-O O-O-O 12. Rab1 e5 13. Bd3 Bg4 14. Bf5+ Bxf5 15. Qxf5+ Qd7 16. Qxd7+ Rxd7 {½-½ (35) Kiefer,G (2271)-Hohler,P (2171) Opatija 2013}) 11... Bxc3+ 12. Qxc3 O-O-O 13. c5 e5 {[%cal Be6e5,Be5e4][%mdl 32]} 14. O-O Rhg8 15. Rfe1 e4 16. Bb5 Bg4 {Hoping for ...Bxf3.} 17. Nd2 $1 {Bxc6 is the strong threat.} f5 (17... Nd4 $5 {[%cal Rd4b5]} 18. Bc4 Bf5 $11) 18. Bxc6 $1 bxc6 19. Qa5 Rd5 20. Qxa7 (20. g3 $15) 20... Qg5 (20... Qg7 $1 $17 21. Nc4 Bf3) 21. h4 $2 (21. f4 $1 $11 {and White is okay.} exf3 22. Nc4) 21... Qg7 (21... Qg6 $1 $19 22. Qa6+ Kd7) 22. Nc4 $17 {[#]} Bf3 $1 $40 {[%csl Gf3,Gg8][%cal Rg7g2][%mdl 1152] Black has strong compensation. White is in trouble.} 23. g3 {Threatens to win with Ne3.} f4 $1 {[%cal Rf4g3,Bf5f4,Bf4e3,Be3f2][%mdl 32]} 24. Qa8+ $2 {[%mdl 8192]} (24. Ne5 $17 Rxe5 {[#]} 25. Rad1 $1 {[%mdl 512]} Bxd1 26. Rxd1) 24... Kd7 $19 25. Qb7 Qd4 {Black mates.} 26. Nb6+ Ke6 27. Re3 fxe3 28. Qxc6+ {[#]} Rd6 $1 {[%mdl 512]} 29. cxd6 exf2+ {Precision: White = 35%, Black = 62%.} 0-1

[Event "8th HDBank Cup 2018"]
[Site "Hanoi"]
[Date "2018.03.14"]
[Round "7"]
[White "Saduakassova Dinara"]
[Black "Tran, Minh Thang"]
[Result "0-1"]
[WhiteElo "2479"]
[BlackElo "2366"]
[Annotator "TA"]
[PlyCount "70"]
[EventDate "2018.??.??"]
[EventCountry "VIE"]
[SourceTitle "playchess.com"]
[Source "ChessBase"]
[SourceQuality "1"]

{[%evp 18,70,17,10,23,20,26,11,18,-12,-9,-53,-38,-55,-47,-66,-77,-123,-112,-169,-161,-163,-157,-138,-85,-91,-97,-133,-113,-372,-376,-352,-354,-344,-327,-486,-511,-491,-516,-516,-432,-849,-849,-885,-879,-879,-877,-872,-869,-875,-850,-845,-847,-836,-812]} 1. Nf3 d5 2. d4 Nf6 3. c4 c6 4. e3 Bf5 5. Nc3 e6 6. Nh4 Be4 7. f3 Bg6 8. Qb3 Qc7 9. Nxg6 {D12: Slav Defence: 3 Nf3 Nf6 4 e3 Bf5} (9. Bd2 Be7 10. g3 Nbd7 11. cxd5 exd5 12. O-O-O a5 13. Nxg6 hxg6 14. Qc2 a4 15. e4 a3 16. e5 axb2+ {0-1 (59) Le,Q (2737)-Mamedov,R (2709) Huaian 2017}) 9... hxg6 10. Bd2 {LiveBook: 29 Games} dxc4 11. Bxc4 {White has an edge.} a6 12. f4 b5 $146 ({Find the theoretical novelty and annotate with similar games:} 12... c5 13. dxc5 Bxc5 14. Rc1 Nc6 15. Be2 O-O 16. Bf3 Rfd8 {½-½ (16) Zoler,D (2503)-Huzman,A (2573) Beersheba 2014}) 13. Bd3 c5 14. dxc5 Nbd7 15. Ne4 Nxc5 16. Nxc5 Bxc5 17. Qc2 Qb6 18. Ke2 (18. Rc1 $17 Bxe3 19. Qc6+ Qxc6 20. Rxc6) 18... O-O 19. Rhc1 Rac8 {[%cal Ba8c8,Bc8c5,Bc5h5][%mdl 32] And now ...Qb7 would win.} 20. b4 Qb7 (20... Bxe3 $142 $1 21. Qxc8 Bxd2) 21. bxc5 $17 Qxg2+ 22. Ke1 Ng4 $36 {[%mdl 2048] White is under strong pressure.} ({Much weaker is} 22... Qxh2 $6 23. Ba5 $11) 23. Ba5 $2 {[%mdl 8192]} (23. Bb4 $17 Qg1+ 24. Bf1) 23... Qg1+ $19 24. Bf1 {[#]} Rxc5 $1 {[%mdl 512]} 25. Qe2 (25. Qxc5 Qf2+) 25... Rh5 26. Qg2 (26. Rc2 $142 Rxh2 27. Qxg4 Qxg4 28. Rxh2 Qg3+ 29. Rf2) 26... Qxe3+ {Black is clearly winning.} 27. Qe2 Qxf4 28. Bc7 Ne5 29. Bg2 (29. Rc3 $142 b4 30. Re3 Rxh2 31. Bxe5 Qh4+ 32. Bg3 Rxe2+ 33. Kxe2) 29... Rf5 {Strongly threatening ...Qh4+.} 30. Rc3 Qh4+ 31. Rg3 Qb4+ 32. Qd2 Qc5 {[#] ( -> ...Qg1+)} 33. Be4 Nc4 34. Qc2 Qxc7 35. Bxf5 Qe5+ {Precision: White = 43%, Black = 73%.} 0-1

[Event "8th HDBank Cup 2018"]
[Site "Hanoi"]
[Date "2018.03.14"]
[Round "7"]
[White "Dao, Thien Hai"]
[Black "Karavade, Eesha"]
[Result "1/2-1/2"]
[WhiteElo "2474"]
[BlackElo "2391"]
[Annotator "TA"]
[PlyCount "61"]
[EventDate "2018.??.??"]
[EventCountry "VIE"]
[SourceTitle "playchess.com"]
[Source "ChessBase"]
[SourceQuality "1"]

{[%evp 17,61,-2,-10,0,0,-16,-16,-16,-16,-18,-4,-20,-17,-22,-18,-34,0,-11,-6,-6,10,0,0,0,0,0,18,0,0,-13,0,0,0,0,0,0,0,0,0,0,0,0,-6,0,0,0]} 1. d4 Nf6 2. c4 e6 3. Nc3 Bb4 4. Qc2 O-O 5. a3 Bxc3+ 6. Qxc3 d5 7. Nf3 dxc4 8. Qxc4 b6 9. Bf4 {E36: Nimzo-Indian: Classical: 4...d5 5 a3} Ba6 {LiveBook: 31 Games} 10. Qa4 Qd7 11. Qxd7 Nbxd7 12. e3 Bxf1 13. Rxf1 c5 14. O-O-O {[#]} Rac8 $146 ({Predecessor:} 14... c4 15. Ne5 Rfc8 16. Nxd7 Nxd7 {½-½ (38) Zhu,C (2480)-Le,Q (2694) Cap d'Agde 2010}) 15. Kb1 Rfd8 16. Bg5 Kf8 17. Bh4 {The position is equal.} h6 18. dxc5 bxc5 19. Kc2 Ke7 20. Nd2 g5 21. Bg3 Nb6 22. e4 Nh5 23. Nb1 f6 24. Rxd8 Rxd8 25. Bc7 Rd7 26. Bxb6 axb6 27. g3 Ng7 28. Nc3 Ne8 29. b3 Nd6 30. a4 Nb7 31. Rd1 {Precision: White = 65%, Black = 73%.} 1/2-1/2

[Event "8th HDBank Cup 2018"]
[Site "Hanoi"]
[Date "2018.03.14"]
[Round "7"]
[White "Karthikeyan, P."]
[Black "Karthikeyan, Murali"]
[Result "0-1"]
[WhiteElo "2473"]
[BlackElo "2592"]
[Annotator "TA"]
[PlyCount "80"]
[EventDate "2018.??.??"]
[EventCountry "VIE"]
[SourceTitle "playchess.com"]
[Source "ChessBase"]
[SourceQuality "1"]

{[%evp 26,80,22,-2,23,0,10,0,20,22,33,22,21,21,27,22,35,20,36,0,27,0,-2,0,-25,-27,-12,-90,-96,-219,-210,-216,-188,-258,-242,-229,-212,-288,-293,-306,-296,-299,-306,-295,-290,-486,-475,-604,-597,-853,-847,-825,-813,-969,-957,-1380,-846]} 1. d4 Nf6 2. c4 g6 3. g3 Bg7 4. Bg2 O-O 5. Nc3 d6 6. Nf3 Nbd7 7. O-O e5 8. Qc2 c6 9. Rd1 Qe7 10. e4 Nb6 11. b3 Bg4 12. dxe5 dxe5 13. a4 {E68: King's Indian: Fianchetto: 6...Nbd7 7 0-0 e5 8 e4} Rfd8 14. Ba3 {LiveBook: 3 Games} Qe8 15. a5 $146 {White has an edge.} ({Find the theoretical novelty and annotate with similar games:} 15. h3 Bxf3 16. Bxf3 Nbd7 17. Ne2 Nf8 18. Bb2 Ne6 19. Bg2 Nd7 20. a5 Bf8 {0-1 (66) Panczyk,K (2435)-Sznapik,A (2480) Lublin 1988}) 15... Nbd7 16. Na4 Bf8 17. c5 Nh5 18. Bb2 Ng7 19. Rxd7 Bxd7 20. Nxe5 Be6 21. f4 {[%mdl 1024] White has compensation.} f6 22. Nf3 Qe7 23. Nd4 Bf7 24. f5 gxf5 25. a6 Rac8 26. Rf1 (26. axb7 $11 Qxb7 27. exf5) 26... bxa6 $17 27. e5 (27. exf5 $17 {was necessary.} Bd5 28. Bxd5+ Rxd5 29. Kg2) 27... Rxd4 28. Bxd4 fxe5 29. Bc3 (29. Bf2 $142) 29... Rb8 $19 30. Rb1 e4 31. Bh3 Qe6 {[%cal Rb8b3]} 32. b4 {[#]} a5 $1 33. bxa5 Rxb1+ 34. Qxb1 Qb3 35. Qa1 $2 (35. Qxb3 Bxb3 36. Nb2) 35... Qc2 {Black is clearly winning.} 36. Bd4 Bb3 37. Nb6 Ne6 38. Nd7 Qd3 39. Nf6+ Kf7 40. Bf2 Bg7 {Precision: White = 34%, Black = 73%.} 0-1

[Event "8th HDBank Cup 2018"]
[Site "Hanoi"]
[Date "2018.03.14"]
[Round "7"]
[White "Liu, Guanchu"]
[Black "Xu, Zhihang"]
[Result "1/2-1/2"]
[WhiteElo "2460"]
[BlackElo "2364"]
[Annotator "TA"]
[PlyCount "88"]
[EventDate "2018.??.??"]
[EventCountry "VIE"]
[SourceTitle "playchess.com"]
[Source "ChessBase"]
[SourceQuality "1"]

{[%evp 16,88,14,15,33,17,18,-21,-16,-24,-24,-18,0,0,0,0,0,0,0,0,0,0,0,0,0,0,0,0,0,0,0,0,0,0,0,0,0,0,0,0,0,0,0,0,93,82,62,75,125,14,29,50,94,64,73,75,97,6,6,16,7,28,159,139,132,77,77,0,8,0,0,0,0,0,0]} 1. e4 c5 2. Nf3 Nc6 3. Bb5 g6 4. Bxc6 bxc6 5. O-O Bg7 6. Re1 e5 7. b4 {B31: Sicilian: 2...Nc6 3 Bb5 g6} (7. c3 Ne7 8. d4 cxd4 9. cxd4 exd4 10. Nxd4 O-O 11. Nc3 Rb8 12. Nb3 d5 13. Bg5 h6 14. Be3 a5 15. Bc5 Re8 16. Qd2 Be6 17. Rad1 Kh7 18. h3 Qc7 19. Nd4 Rbd8 20. Qe3 {1-0 (48) Caruana,F (2811)-Iturrizaga Bonelli,E (2650) chess.com INT 2018}) 7... cxb4 8. a3 b3 9. cxb3 {LiveBook: 4 Games} d6 10. Bb2 Bg4 11. d4 exd4 12. Bxd4 Bxf3 $1 13. gxf3 Qg5+ 14. Kh1 $146 ({Predecessor:} 14. Kf1 Be5 15. Bxe5 Qxe5 {1-0 (27) Karlsson,B (2271)-Gunnarsson,J (2458) Reykjavik 2015}) 14... Be5 15. Bxe5 dxe5 16. Qc1 Qxc1 17. Rxc1 Rd8 18. Ra2 Rd3 19. b4 Ne7 20. Kg2 g5 21. Rd2 Rb3 22. Rd6 Ng6 23. Rdxc6 O-O 24. R6c3 Rb2 25. R3c2 $36 {[%mdl 2048] White has good play.} Rb3 26. Rc3 Rb2 27. R3c2 Rxc2 28. Rxc2 $11 {[%mdl 4096] Endgame KRN-KRN} Rd8 29. Nc3 {Nd5 is the strong threat.} Rd3 (29... Rc8 $11) 30. a4 Nf4+ 31. Kf1 $1 Ne6 32. Ke2 (32. Nd5 $16) 32... Nf4+ 33. Ke1 Rd4 34. b5 Nd3+ $1 35. Kf1 Rc4 36. Ke2 (36. a5 $1 $16) 36... Nc5 37. a5 {And now a6 would win.} Nb3 38. a6 {Hoping for b6!} Nd4+ (38... Rc7 $11 {remains equal.}) 39. Kd3 $16 Rb4 {[#]} 40. Rc1 (40. Nd5 $142 $1 {[%cal Rd5b4]} Rxb5 41. Rc7) 40... Kg7 {[#]} 41. Rg1 (41. Nd5 $1 $16 {[%cal Rd5b4]} Rb3+ 42. Rc3 Rxb5 43. Rc7) 41... h6 $11 {The position is equal.} 42. f4 Nxb5 43. Nxb5 Rxb5 44. fxg5 Ra5 {Precision: White = 56%, Black = 77%.} 1/2-1/2

[Event "8th HDBank Cup 2018"]
[Site "Hanoi"]
[Date "2018.03.14"]
[Round "7"]
[White "Harsha Bharathakoti"]
[Black "Wen Yang"]
[Result "1/2-1/2"]
[WhiteElo "2443"]
[BlackElo "2608"]
[Annotator "TA"]
[PlyCount "86"]
[EventDate "2018.??.??"]
[EventCountry "VIE"]
[SourceTitle "playchess.com"]
[Source "ChessBase"]
[SourceQuality "1"]

{[%evp 23,86,0,0,0,11,0,7,14,22,-7,14,0,12,0,5,-6,0,0,7,-24,-24,-35,-32,-32,-28,-29,-30,-31,-31,-82,-79,-75,-69,-79,-77,-70,-77,-69,-17,-29,-29,-25,0,0,0,0,0,0,0,0,0,0,0,-88,-72,-41,0,0,0,0,0,0,0,0,0]} 1. d4 d6 2. Nf3 g6 3. g3 Bg7 4. Bg2 Nd7 5. c4 e5 6. Nc3 Ne7 7. O-O O-O 8. e4 exd4 9. Nxd4 Nc6 10. Nde2 a5 11. h3 {A42: Modern Defence: Averbakh Variation} a4 12. Be3 Nc5 {LiveBook: 6 Games} 13. Nd4 Bd7 $146 ({Predecessor:} 13... Be6 14. Nd5 Re8 15. Nb5 Na6 16. Rb1 Ne5 17. b3 axb3 18. axb3 Bxd5 19. cxd5 {0-1 (61) Vladimirov,Y (2580)-Todorcevic,M (2435) Leon 1991}) 14. Re1 Re8 15. Rb1 Nb4 16. Kh2 h5 {[%cal Bh7h5,Bh5h4][%mdl 32]} 17. Re2 h4 18. g4 $1 Ne6 19. Qd2 Bxd4 20. Bxd4 Nc2 $36 {[%mdl 2048] Black has some pressure.} 21. Bh8 Kxh8 22. Qh6+ Kg8 {[#] Hoping for ...Ncd4.} 23. Rxc2 Bc6 24. Nd5 Bxd5 25. cxd5 Ng5 26. f3 (26. f4 $15 Nxe4 27. f5 gxf5 28. gxf5) 26... Qf6 $17 27. Kh1 Nxf3 28. Rf1 Qg5 29. Qxg5 Nxg5 30. Rxc7 Rac8 (30... Kf8 $15) 31. Rxb7 $11 Rc2 32. Kg1 $1 Rec8 {Threatens to win with ...Rd2.} 33. Rf2 $1 Rxf2 34. Kxf2 {[%mdl 4096] Endgame KRB-KRN} Rc2+ 35. Kf1 Kg7 36. Rb6 Kf6 37. Rxd6+ Ke5 38. Rb6 {[#]} (38. Ra6 $11) 38... Kf4 $1 $17 {[%cal Rf4g3][%mdl 1024] Strongly threatening ...Kg3. Black has strong compensation.} 39. d6 Ke3 {[%cal Rc2c1]} (39... Kg3 $5 {[%cal Rc2g2]} 40. d7 Rd2 $17) 40. Kg1 {The position is equal.} Rc1+ 41. Kh2 Rc2 {( -> ...Nf3+)} 42. Kg1 $1 Rc1+ 43. Kh2 Rc2 {Precision: White = 62%, Black = 65%.} 1/2-1/2

[Event "8th HDBank Cup 2018"]
[Site "Hanoi"]
[Date "2018.03.14"]
[Round "7"]
[White "Nguyen Anh Khoi"]
[Black "Nguyen Ngoc Truong Son"]
[Result "1/2-1/2"]
[WhiteElo "2435"]
[BlackElo "2630"]
[Annotator "TA"]
[PlyCount "55"]
[EventDate "2018.??.??"]
[EventCountry "VIE"]
[SourceTitle "playchess.com"]
[Source "ChessBase"]
[SourceQuality "1"]

{[%evp 16,55,0,0,27,41,25,14,38,38,52,37,32,23,91,75,80,52,54,53,52,43,45,30,52,45,46,39,37,23,20,22,20,7,7,7,7,7,14,21,12,0]} 1. d4 d5 2. c4 c6 3. Nf3 Nf6 4. Nc3 e6 5. g3 dxc4 6. Bg2 Nbd7 7. a4 Be7 8. O-O O-O 9. a5 {LiveBook: 30 Games. E01: Catalan: Early deviations} Bb4 (9... Nd5 10. Bd2 b5 11. axb6 Qxb6 12. Na4 Qd8 13. Qc2 Ba6 14. Rfd1 Bb5 15. e4 Nb4 16. Bxb4 Bxb4 17. d5 cxd5 18. Nd4 Bxa4 19. Rxa4 Bc5 20. exd5 Bxd4 21. Rxd4 {½-½ (21) Nakamura,H (2780)-Ding,L (2774) Palma de Mallorca 2017}) 10. Qa4 Qe7 11. Bg5 {White has an edge.} b5 $146 ({Predecessor:} 11... h6 12. Bxf6 Nxf6 13. Ne5 Nd5 14. Na2 Bd6 15. Nxc4 Bc7 16. e4 Nf6 {1-0 (40) Nogly,C (2255)-Schulze,H (2235) Dortmund 1992}) 12. axb6 $1 Nxb6 13. Bxf6 gxf6 14. Qxc6 Bd7 (14... Bb7 $11 {remains equal.} 15. Qb5 Nd5) 15. Qe4 a5 16. Qc2 (16. Qg4+ {feels hotter.} Kh8 17. Qh4 Rg8 18. e4 Qd8 19. Qh5) 16... a4 17. e4 (17. Na2 {looks sharper.} Bd6 18. Rfb1 Ra7 19. Nc3 Bb4 20. e3) 17... Ra5 18. Ne2 e5 19. Nh4 Rfa8 20. Nf5 Bxf5 21. exf5 Rd8 22. Rfd1 a3 23. bxa3 {The position is equal.} Rxa3 24. Rab1 exd4 25. Nxd4 {[#] Threatens to win with Nc6.} Rd3 $1 26. Nc6 ({Much worse is} 26. Rxd3 cxd3 27. Qxd3 Qc5 $17) 26... Rxd1+ 27. Rxd1 Rxd1+ 28. Qxd1 {Precision: White = 56%, Black = 58%.} 1/2-1/2

[Event "8th HDBank Cup 2018"]
[Site "Hanoi"]
[Date "2018.03.14"]
[Round "7"]
[White "Li, Yankai"]
[Black "Krysa, Leandro"]
[Result "0-1"]
[WhiteElo "2434"]
[BlackElo "2548"]
[Annotator "TA"]
[PlyCount "42"]
[EventDate "2018.??.??"]
[EventCountry "VIE"]
[SourceTitle "playchess.com"]
[Source "ChessBase"]
[SourceQuality "1"]

{[%evp 9,42,-7,10,-20,27,19,2,0,20,20,33,-23,-7,-98,-117,-360,-274,-247,-206,-456,-203,-868,-852,-1063,-770,-760,-739,-1362,-1355,-1327,-1316,-1964,-2385,-2217,-2097]} 1. d4 Nf6 2. c4 g6 3. Nc3 d5 4. Nf3 Bg7 5. h4 c6 6. Bg5 {D90: Grünfeld: 4 Nf3 Bg7 sidelines} Bg4 $146 ({Predecessor:} 6... dxc4 7. e4 Be6 8. e5 Nd5 9. h5 Nd7 10. h6 Bf8 11. Ne4 f6 12. Bd2 b5 {0-1 (37) Kasparov,G (2812)-Nepomniachtchi,I (2751) Saint Louis 2017}) 7. Qb3 Nbd7 8. Qxb7 {The position is equal.} O-O 9. Qxc6 Rb8 $1 10. cxd5 (10. b3 $14) 10... Rxb2 $11 11. Bd2 {[#]} (11. Rc1 $11) 11... Qb8 $1 $17 {Hoping for ...Rc8.} 12. Rc1 $2 (12. Nd1 $17 Rc8 13. Bf4) 12... Rc8 13. Qa6 Nb6 14. Ne5 $2 (14. e3 Nbxd5 15. Nxd5 Nxd5 16. Bc4) 14... Nfxd5 (14... Nbxd5 $142 15. Nxd5 (15. Nxg4 Rxd2 16. Nxf6+ Bxf6 $17) 15... Nxd5) 15. Nd3 $2 {[#]} (15. Qa3 Bxe5 16. Qxb2 Bxd4 17. e3 Nxe3 18. Bxe3) 15... Rxd2 $1 $19 {[%mdl 512] Black is clearly winning.} 16. Kxd2 Bh6+ 17. e3 {[#]} Nxe3 $1 {[%mdl 512]} 18. Be2 (18. fxe3 Nc4+) 18... Nxg2+ 19. Kd1 Bxc1 20. Nxc1 Rxc3 21. Bxg4 Qf4 {Precision: White = 15%, Black = 60%.} 0-1

[Event "8th HDBank Cup 2018"]
[Site "Hanoi"]
[Date "2018.03.14"]
[Round "7"]
[White "Pascua, Haridas"]
[Black "Sivuk, Vitaly"]
[Result "1/2-1/2"]
[WhiteElo "2431"]
[BlackElo "2526"]
[Annotator "TA"]
[PlyCount "80"]
[EventDate "2018.??.??"]
[EventCountry "VIE"]
[SourceTitle "playchess.com"]
[Source "ChessBase"]
[SourceQuality "1"]

{[%evp 13,80,27,52,28,33,33,36,27,35,29,35,8,8,14,24,20,14,0,0,0,0,0,0,0,0,-27,-19,-31,-21,-33,-6,-2,7,0,0,0,0,0,0,0,0,0,0,0,0,0,0,0,0,0,0,0,0,0,0,0,0,0,0,0,0,0,0,0,0,0,0,0,0]} 1. c4 g6 2. Nf3 Bg7 3. d4 d6 4. g3 Nc6 5. d5 (5. Nc3 Bd7 6. Bg2 Qc8 7. O-O h5 8. h4 Nh6 9. Bg5 Ng4 10. Rc1 f6 11. Bd2 e5 12. Nd5 Be6 {0-1 (59) Ruck,R (2558)-Nakamura,H (2699) Austria 2009}) 5... Ne5 6. Nxe5 {A41: 1 d4 d6: Tartakower System and Modern Defence} Bxe5 7. Bg2 Bg7 {LiveBook: 6 Games} 8. Qc2 {White is slightly better.} Nf6 9. Nc3 O-O 10. Bg5 Bd7 11. O-O c6 $146 ({Predecessor:} 11... Qc8 12. Rfe1 Bh3 {½-½ (76) Unuk,L (2241)-Burmakin,V (2526) Nova Gorica 2017}) 12. c5 (12. Qd2 {feels hotter.} Ng4 13. h3 h6 14. Bf4 Ne5 15. b3) 12... dxc5 13. dxc6 Bxc6 14. Bxc6 bxc6 15. Bxf6 Bxf6 16. Ne4 Qa5 17. Rfc1 Rab8 18. Nxf6+ exf6 19. b3 Rfd8 {[%cal Bf8d8,Bd8d5,Bd5h5][%mdl 32]} 20. Kg2 Rd5 21. e4 Rh5 22. Rd1 {The position is equal.} f5 23. Rd6 Qb4 24. exf5 Qg4 25. Kg1 Qh3 26. f4 {[%cal Rf5g6]} Rxf5 27. Rad1 Re8 28. Rd8 Rxd8 $1 29. Rxd8+ $11 {[%mdl 4096] Endgame KQR-KQR} Kg7 30. Qe4 {[#] Qe7 is the strong threat.} Rh5 31. Rd2 Qf5 32. Qxc6 Qb1+ 33. Kg2 Qe1 34. Qd6 Qe4+ 35. Kg1 c4 (35... Qe3+ {keeps more tension.} 36. Kg2 Qe4+) 36. Qd4+ Qxd4+ 37. Rxd4 cxb3 38. axb3 Rb5 39. b4 a5 40. bxa5 Rxa5 {Precision: White = 69%, Black = 70%.} 1/2-1/2